|
|
|
|
| LEADER |
00000nab a2200000 ar4500 |
| 001 |
vtls009083369 |
| 003 |
SK-MaSNL |
| 005 |
20260305004237.0 |
| 008 |
070730c2007 xo mr|p|||||||000 b|slo |
| 015 |
|
|
|a SNBRB2007/07
|
| 038 |
|
|
|a SNSK
|
| 040 |
|
|
|a SNSK
|b slo
|c SNSK
|e AACR2
|
| 041 |
|
|
|a slo
|
| 044 |
|
|
|a xo
|c SK
|
| 080 |
|
|
|a 631.147
|x (437.6)
|2 2001
|
| 080 |
|
|
|a 636.39
|2 2001
|
| 080 |
|
|
|a 613.287.6
|2 2001
|
| 100 |
1 |
|
|a Himič, Dan
|4 aut
|9 217231
|
| 245 |
1 |
0 |
|a Liečivé kozy
|b najväčšia ekologická farma na území Česka a Slovenska
|c Dan Himič
|
| 300 |
|
|
|b Fotogr.
|
| 610 |
2 |
7 |
|a ABEL plus (Podvysoká, Slovensko)
|2 snkbucl
|9 28850
|
| 650 |
0 |
7 |
|a chov kôz
|2 snsk
|9 57084
|
| 650 |
0 |
7 |
|a ekologické poľnohospodárstvo
|2 snsk
|9 3913
|
| 650 |
0 |
7 |
|a živočíšna výroba
|2 snsk
|9 2836
|
| 650 |
0 |
7 |
|a živočíšne produkty
|2 snsk
|9 91072
|
| 650 |
0 |
7 |
|a bioprodukty
|2 snsk
|9 3900
|
| 650 |
0 |
7 |
|a potravinové doplnky
|2 snsk
|9 68313
|
| 650 |
0 |
7 |
|a kozie mlieko
|2 snsk
|9 104436
|
| 650 |
0 |
7 |
|a ekofarmy
|2 snsk
|9 175454
|
| 651 |
|
7 |
|a Podvysoká (Slovensko)
|2 snsk
|9 111888
|
| 651 |
|
7 |
|a Kysuce (Slovensko : región)
|2 snsk
|9 165903
|
| 773 |
0 |
|
|t Život
|g Roč. 57, č. 19 (2007), s. 46-48
|x 0139-6323
|
| 852 |
|
|
|a SNSK
|b KIS3GCP
|
| 999 |
|
|
|c 3234636
|d 3236566
|